000
00245 a2200097 4500
020
_a
9780590485609
041
_a
spa
100
_a
Nathan Zilmeman
245
_a
Como el segundo grado junto 8,205 para visitar la Estatua de la Libertad
942
_c
BK
999
_c
15765
_d
15765